|
|
|
|
| LEADER |
00000nam0a2200000 4500 |
| 001 |
81559 |
| 005 |
20231031095219.0 |
| 035 |
|
|
|a (RuTPU)RU\TPU\book\87666
|
| 090 |
|
|
|a 81559
|
| 100 |
|
|
|a 20050921d1978 m y0rusy50 ca
|
| 101 |
0 |
|
|a rus
|
| 102 |
|
|
|a UA
|
| 105 |
|
|
|a a j 001zy
|
| 200 |
1 |
|
|a Кондиционирование воздуха
|e учебное пособие для вузов по спец. "Теплогазоснабжение и вентиляция"
|f А. А. Пеклов, Т. А. Степанова
|
| 210 |
|
|
|a Киев
|c Вища школа
|d 1978
|
| 215 |
|
|
|a 328 с.
|c ил.
|
| 320 |
|
|
|a Библиогр.: с. 322-323
|
| 610 |
1 |
|
|a кондиционирование
|
| 610 |
1 |
|
|a воздух
|
| 610 |
1 |
|
|a учебные пособия
|
| 610 |
1 |
|
|a вентиляция
|
| 610 |
1 |
|
|a теплогазоснабжение
|
| 675 |
|
|
|a 697.94(075.8)
|v 3
|
| 700 |
|
1 |
|a Пеклов
|b А. А.
|g Александр Антонович
|
| 701 |
|
1 |
|a Степанова
|b Т. А.
|g Татьяна Александровна
|
| 801 |
|
1 |
|a RU
|b 63413507
|c 20050921
|g PSBO
|
| 801 |
|
2 |
|a RU
|b 63413507
|c 20071015
|g PSBO
|
| 942 |
|
|
|c BK
|